Primary teachers talking : (Record no. 6482)
[ view plain ]
| 000 -LEADER | |
|---|---|
| fixed length control field | 01103cam a2200301 a 4500 |
| 001 - CONTROL NUMBER | |
| control field | 4828116 |
| 003 - CONTROL NUMBER IDENTIFIER | |
| control field | OSt |
| 005 - DATE AND TIME OF LATEST TRANSACTION | |
| control field | 20200128102552.0 |
| 008 - FIXED-LENGTH DATA ELEMENTS--GENERAL INFORMATION | |
| fixed length control field | 891204s1989 enk b 001 0 eng |
| 010 ## - LIBRARY OF CONGRESS CONTROL NUMBER | |
| LC control number | 89213172 |
| 020 ## - INTERNATIONAL STANDARD BOOK NUMBER | |
| International Standard Book Number | 0415011159 (pbk.) |
| 020 ## - INTERNATIONAL STANDARD BOOK NUMBER | |
| International Standard Book Number | 0415011140 (hard) |
| 040 ## - CATALOGING SOURCE | |
| Original cataloging agency | DLC |
| Transcribing agency | DLC |
| Modifying agency | DLC |
| 043 ## - GEOGRAPHIC AREA CODE | |
| Geographic area code | e-uk--- |
| 082 00 - DEWEY DECIMAL CLASSIFICATION NUMBER | |
| Classification number | 371.102 |
| Edition number | 20 |
| Item number | NIA 1989 |
| 100 1# - MAIN ENTRY--PERSONAL NAME | |
| Personal name | Nias, Jennifer. |
| 9 (RLIN) | 13322 |
| 245 10 - TITLE STATEMENT | |
| Title | Primary teachers talking : |
| Remainder of title | a study of teaching as work / |
| Statement of responsibility, etc. | Jennifer Nias. |
| 260 ## - PUBLICATION, DISTRIBUTION, ETC. (IMPRINT) | |
| Place of publication, distribution, etc. | London ; |
| -- | New York : |
| Name of publisher, distributor, etc. | Routledge, |
| Date of publication, distribution, etc. | 1989. |
| 300 ## - PHYSICAL DESCRIPTION | |
| Extent | viii, 232 p. ; |
| Dimensions | 22 cm. |
| 504 ## - BIBLIOGRAPHY, ETC. NOTE | |
| Bibliography, etc | Includes bibliographical references (p. 215-225). |
| 650 #0 - SUBJECT ADDED ENTRY--TOPICAL TERM | |
| Topical term or geographic name as entry element | Elementary school teachers |
| Geographic subdivision | Great Britain |
| General subdivision | Psychology. |
| 9 (RLIN) | 13323 |
| 650 #0 - SUBJECT ADDED ENTRY--TOPICAL TERM | |
| Topical term or geographic name as entry element | Teachers |
| General subdivision | Job satisfaction |
| Geographic subdivision | Great Britain. |
| 9 (RLIN) | 13324 |
| 650 #0 - SUBJECT ADDED ENTRY--TOPICAL TERM | |
| Topical term or geographic name as entry element | Interpersonal relations. |
| 9 (RLIN) | 2275 |
| 856 42 - ELECTRONIC LOCATION AND ACCESS | |
| Materials specified | Publisher description |
| Uniform Resource Identifier | http://www.loc.gov/catdir/enhancements/fy0648/89213172-d.html |
| 906 ## - LOCAL DATA ELEMENT F, LDF (RLIN) | |
| a | 7 |
| b | cbc |
| c | orignew |
| d | 3 |
| e | ncip |
| f | 19 |
| g | y-gencatlg |
| 942 ## - ADDED ENTRY ELEMENTS (KOHA) | |
| Source of classification or shelving scheme | Dewey Decimal Classification |
| Koha item type | Open Shelf |
| Withdrawn status | Lost status | Source of classification or shelving scheme | Damaged status | Not for loan | Home library | Current library | Date acquired | Source of acquisition | Inventory number | Total Checkouts | Full call number | Barcode | Date last seen | Price effective from | Koha item type |
|---|---|---|---|---|---|---|---|---|---|---|---|---|---|---|---|
| Dewey Decimal Classification | MUST Main Library | MUST Main Library | 28/01/2020 | Purchase | 2006/27093 | 371.102 NIA 1989 | 2020-0140 | 28/01/2020 | 28/01/2020 | Open Shelf | |||||
| Dewey Decimal Classification | MUST Main Library | MUST Main Library | 25/06/2024 | Purchase | 06/27094 | 371.102 NIA 1989 | 2024-21188 | 25/06/2024 | 25/06/2024 | Open Shelf | |||||
| Dewey Decimal Classification | MUST Main Library | MUST Main Library | 25/06/2024 | Purchase | 05/23568 | 371.102 NIA 1989 | 2024-21189 | 25/06/2024 | 25/06/2024 | Open Shelf | |||||
| Dewey Decimal Classification | MUST Main Library | MUST Main Library | 25/06/2024 | Purchase | 05/23566 | 371.102 NIA 1989 | 2024-21190 | 25/06/2024 | 25/06/2024 | Open Shelf | |||||
| Dewey Decimal Classification | MUST Main Library | MUST Main Library | 25/06/2024 | Purchase | 06/27095 | 371.102 NIA 1989 | 2024-21191 | 25/06/2024 | 25/06/2024 | Open Shelf | |||||
| Dewey Decimal Classification | MUST Main Library | MUST Main Library | 26/06/2024 | Purchase | 05/23567 | 371.102 NIA 1989 | 2024-21360 | 26/06/2024 | 26/06/2024 | Open Shelf |
